Bulletin (Israel Gerontological Society) / ידיעון - האגודה הישראלית לגרונטולוגיה

محفوظ في:

التنسيق: دورية

اللغة: Undetermined

منشور في: JSTOR
Israel Gerontological Society / האגודה הישראלית לגרונטולוגיה

الموضوعات:

الوصول للمادة أونلاين: Login to view Source

الوسوم: إضافة وسم

لا توجد وسوم, كن أول من يضع وسما على هذه التسجيلة!

رقم الطلب:

LEADER 00873nas a2200193Ia 4500
008 220214c99999999xx |||||||||||| ||und||
022 |a 0047-1577 
022 |a 2311-8407 
245 0 0 |a Bulletin (Israel Gerontological Society) / ידיעון - האגודה הישראלית לגרונטולוגיה 
264 1 |b JSTOR 
264 1 |b Israel Gerontological Society / האגודה הישראלית לגרונטולוגיה 
362 0 |a (1965)-(1995) 
653 1 0 |a Medicine & Allied Health 
653 1 0 |a Social Sciences 
653 1 0 |a Social Work 
856 4 0 |u https://www.jstor.org/journal/bullisragerosoci 
942 |c JL 
952 |0 0  |1 0  |4 0  |7 1  |9 34309  |a JSR  |b JSR  |d 2022-02-14  |l 0  |r 2022-02-14 00:00:00  |w 2022-02-14  |y JL 
999 |c 42642  |d 42642